[Event "Provincial Individual Huesca"]
[Site "Sabiñánigo,Alcalá,Binéfar,Bin"]
[Date "2016.11.26"]
[Round "7.4"]
[White "Guetas Hugo"]
[Black "Chesa Aurelio"]
[Result "1-0"]
[WhiteElo "2157"]
[BlackElo "1747"]

1.e4 c5 2.d4 cxd4 3.c3 d3 4.Bxd3 Nc6 5.Nf3 d6 6.h3 Nf6 7.O-O g6 8.c4 Bg7 9.Nc3
O-O 10.Qe2 Nd7 11.Be3 Nc5 12.Bc2 Nb4 13.Bb1 Nc6 14.Rd1 Bd7 15.e5 $6 (15.Bc2)
15...Nxe5 16.Bxc5 Nxf3+ 17.Qxf3 Bxc3 $2 (17...dxc5 $1 18.Qxb7 Bd4) 18.bxc3
dxc5 19.Bxg6 $1 hxg6 20.Qxb7 Qc8 21.Rxd7 Qxb7 22.Rxb7 e6 23.Rd1 a6 24.Rdd7
Rac8 (24...Rad8) 25.a4 Rc6 26.a5 Kg7 27.Rdc7 Rxc7 28.Rxc7 Kf6 29.Ra7 Ke5 30.
Rxa6 Rc8 31.Kf1 Ke4 32.Ke2 Rb8 33.Rb6 Ra8 34.a6 1-0

[Event "Provincial Individual Huesca"]
[Site "Sabiñánigo,Alcalá,Binéfar,Bin"]
[Date "2016.11.26"]
[Round "7.5"]
[White "Garreta Maria"]
[Black "Ocabo Pedro"]
[Result "1-0"]
[WhiteElo "1681"]
[BlackElo "1785"]

1.e4 e5 2.Nf3 d6 3.d4 exd4 4.Nxd4 Nf6 5.Nc3 Be7 6.h3 Bd7 7.Bc4 a6 8.O-O O-O 9.
Re1 Nc6 10.Nf3 Be6 11.Bxe6 fxe6 12.e5 dxe5 13.Ng5 Qxd1 14.Nxd1 Nd4 15.Ne3 Ne4
$4 (15...h6 16.Nf3 Nxf3+ 17.gxf3 Rad8) 16.Nxe4 Rf7 17.c3 Nf5 18.Nxf5 exf5 19.
Ng3 Bd6 20.Bd2 g6 21.Rad1 h5 22.Bg5 a5 23.b3 b5 24.Rd5 Rb8 25.Rc1 Rd7 26.c4 c6
27.Rd3 bxc4 28.Rxc4 Rb6 29.Be7 c5 30.Bxd6 Kf7 31.Bxc5 Rxd3 32.Bxb6 Rd1+ 33.Nf1
e4 34.Bxa5 g5 35.g3 h4 36.gxh4 gxh4 37.b4 Ke6 38.b5 Kd5 39.Rc8 Rb1 40.b6 f4
41.Kg2 f3+ 42.Kg1 Rb5 43.a3 Ke6 44.Rh8 Rg5+ 45.Kh1 e3 46.Nxe3 Rg7 47.Rxh4 Kd7
48.b7 Rg8 49.Bc3 Re8 50.Rb4 Rxe3 51.fxe3 f2 52.Kg2 f1=Q+ 53.Kxf1 1-0

[Event "Provincial Individual Huesca"]
[Site "Sabiñánigo,Alcalá,Binéfar,Bin"]
[Date "2016.11.26"]
[Round "7.6"]
[White "Rodriguez Avellanas Jose Manuel"]
[Black "Fuentes Juan Antonio"]
[Result "0-1"]
[WhiteElo "1731"]
[BlackElo "1987"]

1.c4 c5 2.Nc3 Nc6 3.g3 g6 4.Bg2 Bg7 5.d3 Nf6 6.e3 O-O 7.Nge2 d6 8.O-O Bd7 9.a3
Qc8 10.Re1 Bh3 11.Bh1 Bg4 12.Qc2 $2 (12.f3 Bd7 13.Rb1) 12...Ne5 13.f3 Nxf3+
14.Bxf3 Bxf3 15.Nf4 Bc6 16.Ncd5 Re8 17.Rb1 e6 18.Nxf6+ Bxf6 19.b3 b6 20.Bb2 e5
21.Nd5 Bg7 22.e4 Bxd5 23.cxd5 Rf8 24.Rf1 f5 25.Qd2 Qd7 26.a4 Rf7 27.Rf2 Raf8
28.Rbf1 fxe4 29.dxe4 Rxf2 30.Rxf2 Rxf2 31.Qxf2 Qg4 32.Qc2 Bh6 33.Kg2 Qg5 34.
Qe2 Qd2 35.Qxd2 Bxd2 36.Kf3 Kf7 37.Ke2 Bh6 38.Bc3 Ke7 39.h3 a6 40.Be1 b5 41.
axb5 axb5 42.Kd3 Kf6 43.Bc3 Bc1 44.Kc2 Be3 45.Be1 h5 46.Kd3 Bd4 47.Ke2 Ke7 48.
Bd2 Kd7 49.Kd3 Bf2 50.g4 Bg3 51.Bg5 hxg4 52.hxg4 Kc7 53.Be7 Bf4 54.g5 Bc1 55.
Kc3 Kd7 56.Bf6 Ba3 57.Kd3 Bb4 58.Bg7 Ba5 59.Bf6 Ke8 60.Bg7 Ke7 61.Bf6+ Kf7 62.
Kc2 c4 63.bxc4 bxc4 64.Kb2 Ke8 65.Kc2 Kd7 66.Kb2 Bb4 67.Kc2 Kc7 68.Be7 Kb6 0-1

[Event "Provincial Individual Huesca"]
[Site "Sabiñánigo,Alcalá,Binéfar,Bin"]
[Date "2016.11.26"]
[Round "7.7"]
[White "Alsina Sergio"]
[Black "Hidalgo Andres"]
[Result "1/2-1/2"]
[WhiteElo "1881"]
[BlackElo "1687"]

1.e4 c5 2.c3 d6 3.d4 cxd4 4.Qxd4 Nc6 5.Qe3 g6 6.Qe2 Bg7 7.Nf3 Nf6 8.g3 O-O 9.
Bg2 Bd7 10.O-O Qb6 11.Be3 Qc7 12.Nd4 a6 13.Na3 Rac8 14.Rfd1 Nxd4 15.Bxd4 Bc6
16.f3 Rfd8 17.Qe3 Nd7 18.Bxg7 Kxg7 19.Bh3 Rb8 20.Nc4 Bb5 21.Na3 Bc6 22.Nc4
1/2-1/2

[Event "Provincial Individual Huesca"]
[Site "Sabiñánigo,Alcalá,Binéfar,Bin"]
[Date "2016.11.26"]
[Round "7.8"]
[White "Martinez Carnicer Eduardo"]
[Black "Buisan Pedro"]
[Result "0-1"]
[WhiteElo "1847"]
[BlackElo "1745"]

1.e4 c5 2.Nf3 e6 3.d4 cxd4 4.Nxd4 Nf6 5.Nc3 Nc6 6.Be3 Bb4 7.Bd3 d5 8.Nxc6 bxc6
9.exd5 exd5 10.Bd2 O-O 11.O-O Bd6 12.h3 Qc7 13.Qf3 Be6 14.Rfe1 Rfe8 15.Ne2 Nd7
16.Nd4 Ne5 17.Qh5 Nxd3 18.Nxe6 fxe6 19.cxd3 Qf7 20.Qg4 Qf5 21.Qxf5 exf5 22.Kf1
Kf7 23.b3 g6 24.Rac1 Rac8 25.Rxe8 Kxe8 26.Ke2 Kd7 27.Kf3 Re8 28.Rc2 a6 29.Bc3
Bc7 30.Bd4 Bd6 31.Re2 Rxe2 32.Kxe2 Ke6 33.f3 Be5 34.Ke3 Bh2 35.Kf2 Be5 36.Bc5
Bd6 37.Bd4 Be5 38.Ba7 Bb2 39.Bc5 Be5 40.g3 Bb2 41.g4 Ke5 42.Bf8 Bd4+ 43.Kg3
Kf6 44.f4 Ke6 45.Kf3 Kf7 46.Bb4 Ke6 47.Bd2 Kd6 48.Ba5 Kc5 49.Bc7 $2 (49.Bd2)
49...Kb4 50.Bd6+ Kc3 51.Ke2 Kb2 52.Be5 c5 53.b4 Kxa2 54.bxc5 Bxc5 55.Kd2 Kb3
56.Bc7 Kb4 57.Kc2 a5 58.Be5 d4 59.Bf6 a4 60.Bh4 a3 61.Be1+ Ka4 62.Bd2 Bb4 63.
Bc1 Bc3 64.Kb1 Kb3 0-1

[Event "Provincial Individual Huesca"]
[Site "Sabiñánigo,Alcalá,Binéfar,Bin"]
[Date "2016.11.26"]
[Round "7.9"]
[White "Mendoza Pedro"]
[Black "Garreta Blas"]
[Result "1/2-1/2"]
[WhiteElo "1570"]
[BlackElo "1820"]

1.e4 c6 2.d4 d6 3.c4 Nf6 4.Nc3 g6 5.Nf3 Bg7 6.Be2 O-O 7.O-O Nbd7 8.Bg5 Ne8 9.
Bf4 c5 10.Be3 Nc7 11.Qd2 cxd4 12.Bxd4 Nf6 13.Rfd1 Bg4 14.Rac1 Ne6 15.Be3 Nc5
16.Qc2 (16.e5 $1 Nfe4 (16...dxe5 17.Bxc5) 17.Nxe4 Nxe4 18.Qc2 f5 19.c5 $1)
16...Qc8 17.Nd5 Nxd5 18.cxd5 Bxf3 19.Bxf3 b6 20.Qe2 Qb7 21.Qb5 Rac8 22.Rc2 f5
23.exf5 gxf5 24.Rdc1 Nd7 25.g3 Rxc2 26.Rxc2 Ne5 27.Bg2 Rc8 28.Qe2 Rxc2 29.Qxc2
Ng4 30.Bf4 Bd4 31.Qxf5 Nxf2 32.Qg5+ Kh8 33.Be3 1/2-1/2

[Event "Provincial Individual Huesca"]
[Site "Sabiñánigo,Alcalá,Binéfar,Bin"]
[Date "2016.11.26"]
[Round "7.10"]
[White "Salas Jose"]
[Black "Sanclemente Angel"]
[Result "1/2-1/2"]
[WhiteElo "1790"]
[BlackElo "1703"]

1.c4 Nf6 2.Nc3 c6 3.e4 e5 4.Nf3 d6 5.d4 Qc7 6.Be2 Bg4 7.O-O Nbd7 8.Be3 Be7 9.
a3 Bxf3 10.Bxf3 exd4 11.Bxd4 Ne5 12.Be2 c5 13.Be3 O-O 14.h3 a6 15.Qc2 h6 16.
Rad1 Rac8 17.Nd5 Nxd5 18.Rxd5 Rfd8 19.f4 Nc6 20.Bh5 Nd4 21.Qf2 b5 22.cxb5 axb5
23.Bxd4 cxd4 24.Bg4 Rb8 25.Qxd4 Bf6 26.Qd2 Qb6+ 27.Kh1 b4 28.axb4 Qxb4 29.Qxb4
Rxb4 30.Bf3 Rxb2 31.Rfd1 Rb6 32.e5 Be7 33.Bg4 g6 34.Kh2 Kf8 35.Be2 f6 36.e6
Rc8 37.Bb5 f5 38.Ra1 Kg7 39.Bd7 Rc5 40.Rxc5 dxc5 41.Ra8 Rb4 42.Kg3 Bd6 43.Kf2
Rxf4+ 44.Ke3 Re4+ 45.Kd3 Kf6 46.Ra6 Be7 47.Ra2 g5 48.Rf2 h5 49.Rf3 Ra4 50.Rf2
Rd4+ 51.Kc3 Ke5 52.Kc2 f4 53.Kc3 Re4 54.Kc2 g4 55.hxg4 hxg4 56.Rd2 f3 57.gxf3
gxf3 58.Bc6 Re3 59.Rf2 Kf4 60.Kd2 c4 $2 (60...Bh4) 61.Rxf3+ $1 Rxf3 62.Bxf3
Bb4+ 63.Kc2 Kxf3 64.e7 1/2-1/2

[Event "Provincial Individual Huesca"]
[Site "Sabiñánigo,Alcalá,Binéfar,Bin"]
[Date "2016.11.26"]
[Round "7.11"]
[White "Barranco Fernando"]
[Black "Amello Jonathan"]
[Result "1-0"]
[WhiteElo "1759"]
[BlackElo "1580"]

1.d4 e6 2.e3 d5 3.c4 c6 4.Nf3 f5 5.Nc3 Nf6 6.Ne5 Nbd7 7.f4 Bd6 8.Be2 O-O 9.O-O
Ne4 10.Nxe4 fxe4 11.Bd2 Nxe5 12.dxe5 Bc5 13.b4 Bb6 14.c5 Bc7 15.Bc3 Bd7 16.Bd4
b5 17.a4 a6 18.axb5 axb5 19.Qb3 Qe7 20.Bb2 Rfb8 21.Qc2 Qe8 22.Bg4 Rxa1 23.Rxa1
Ra8 24.Qd1 g6 25.Bh3 Qc8 26.g4 Bd8 27.Qf1 Rxa1 28.Qxa1 Be7 29.Qa7 Bf8 30.Kf1
Qe8 31.Ke2 Bc8 (31...g5 $1 32.fxg5 (32.f5 exf5 33.gxf5 Qh5+) 32...Be7) 32.Qa1
Qf7 33.Qg1 Bg7 34.Bd4 Bd7 (34...g5) 35.Bc3 Bc8 36.Qa1 Qb7 37.Be1 Qa6 38.Qxa6
Bxa6 39.Bh4 Bc8 40.Bd8 Kf7 41.Kf2 h5 42.Kg3 hxg4 43.Bxg4 Bh6 44.h4 Bd7 45.h5
Kg7 46.Kh4 Bc8 $2 (46...gxh5 47.Bxh5 Kf8 48.Bg4 Ke8 49.Bf6 Kf7) 47.Bf6+ Kf7
48.hxg6+ Kg8 (48...Kxg6 49.Bh5+ Kf5 50.Be8) 49.Kh5 Bg7 50.Kg5 1-0

[Event "Provincial Individual Huesca"]
[Site "Sabiñánigo,Alcalá,Binéfar,Bin"]
[Date "2016.11.26"]
[Round "7.12"]
[White "Vinuales Jose Antonio"]
[Black "Sorinas Ramon"]
[Result "1-0"]
[WhiteElo "1724"]
[BlackElo "1537"]

1.e4 e5 2.Nf3 Nc6 3.d4 exd4 4.Bc4 Bb4+ 5.c3 dxc3 6.bxc3 Qe7 $2 (6...Ba5 7.O-O
d6 8.Qb3 Qe7 9.Nbd2) 7.cxb4 Qxe4+ 8.Qe2 Qxe2+ 9.Bxe2 Nxb4 10.Na3 Nf6 11.Bd2
Nbd5 12.O-O O-O 13.Bc4 Nb6 14.Bb3 d5 15.Bb4 Re8 16.Rfe1 Bd7 17.Nc2 $4 Ba4 $2 (
17...a5 18.Bc5 a4) 18.Ncd4 Ne4 19.Nd2 a5 20.Nxe4 axb4 21.Nc5 Bxb3 22.axb3 Rxa1
23.Rxa1 Re7 24.Kf1 Nd7 25.Ra8+ Nf8 26.Nxb7 g6 27.Nc5 Kg7 28.Nc6 Nd7 29.Nxe7
Nxc5 30.Nxd5 Nxb3 31.Nxb4 c5 32.Nd5 c4 33.Ke1 Nc1 34.Nb4 c3 35.Rc8 Nb3 36.Rxc3
Nd4 37.Rd3 Ne6 38.Rd7 Nc5 39.Ra7 h5 40.Ke2 Ne6 41.Ke3 Nd8 42.Nd3 Kf6 43.f4 Kf5
44.h3 g5 45.Ra5+ Kg6 46.Rxg5+ Kh6 47.Ne5 f6 48.Rg6+ Kh7 1-0

[Event "Provincial Individual Huesca"]
[Site "Sabiñánigo,Alcalá,Binéfar,Bin"]
[Date "2016.11.26"]
[Round "7.13"]
[White "Gimenez Alfonso"]
[Black "Buisac Pablo"]
[Result "0-1"]
[WhiteElo "1676"]
[BlackElo "1485"]

1.f4 d5 2.e3 Nf6 3.Nf3 e6 4.Be2 Bd6 5.c4 O-O 6.Nc3 b6 7.O-O Bb7 8.b3 Nbd7 9.
Bb2 c6 10.Qc2 Nc5 11.Ne5 Qc7 12.Nd1 Nfd7 13.Nf3 a5 14.Ng5 g6 15.Nf2 h6 16.Nxf7
(16.Qc3 $5) 16...Kxf7 17.Ng4 Rh8 $2 (17...Ne4 18.Nxh6+) 18.Ne5+ $2 (18.Bxh8
Rxh8 19.Ne5+ Bxe5 20.fxe5+ Kg7 21.d4) 18...Bxe5 19.Bxe5 Nxe5 20.fxe5+ Kg7 21.
Rf6 Ne4 22.Raf1 Rhf8 23.Rxe6 Rxf1+ 24.Kxf1 Qf7+ 25.Rf6 Nxf6 26.exf6+ Qxf6+ 27.
Bf3 dxc4 28.Qxc4 Ba6 0-1

[Event "Provincial Individual Huesca"]
[Site "Sabiñánigo,Alcalá,Binéfar,Bin"]
[Date "2016.11.26"]
[Round "7.14"]
[White "Rodriguez Alegre Oscar"]
[Black "Puertolas Arturo"]
[Result "0-1"]
[WhiteElo "1549"]
[BlackElo "1870"]

1.e4 c6 2.c4 d5 3.exd5 cxd5 4.Qb3 d4 5.Nf3 Nc6 6.d3 e6 7.Nbd2 Nf6 8.Be2 Bd6 9.
O-O O-O 10.Qd1 e5 11.a3 a5 12.h3 b6 13.Ng5 Bb7 14.Bf3 Qc7 15.Nde4 Nxe4 16.Bxe4
g6 17.h4 Ne7 18.f3 h6 $2 (18...Bc6) 19.Bxb7 $1 hxg5 (19...Qxb7 20.Ne4 Qc6 21.
Bxh6) 20.Bxa8 Rxa8 21.Bxg5 Nf5 22.g4 Ne3 23.Bxe3 dxe3 24.Qe2 Qe7 25.Kg2 Bc5
26.Rh1 Rd8 27.b4 Bd4 28.Rab1 axb4 29.axb4 Ra8 30.Kh3 (30.h5) 30...Qe6 31.Kg2
Kg7 32.Rhc1 Qe7 33.Kh3 Ra4 34.b5 Qa7 35.Rc2 Qa8 36.Kg3 Ra3 37.Rg1 Qb8 38.Kh3
Qd6 39.Rb1 $2 (39.Ra2) 39...Bc5 40.Rd1 Qd4 41.h5 g5 42.Ra2 Rb3 43.Rc2 Qf4 44.
Rf1 Bd6 $1 45.Rg1 f5 (45...e4) 46.Ra2 Qd4 $2 (46...e4 47.fxe4 Rb1 $1) 47.Ra7+
Kh6 48.Rd1 $2 (48.Rd7) 48...Rb2 49.Qe1 fxg4+ 50.fxg4 e4 51.Qg1 Qe5 0-1

[Event "Provincial Individual Huesca"]
[Site "Sabiñánigo,Alcalá,Binéfar,Bin"]
[Date "2016.11.26"]
[Round "7.15"]
[White "Miret Cesar"]
[Black "Sanchez Lopez Alejandro"]
[Result "0-1"]
[WhiteElo "1569"]
[BlackElo "1583"]

1.d4 d5 2.Bf4 Nf6 3.e3 g6 4.Nf3 Bg7 5.h3 O-O 6.Nbd2 Nbd7 7.c4 c5 8.dxc5 Nxc5
9.cxd5 $6 (9.b4) 9...Nxd5 10.Be5 Nb4 11.Bxg7 Nbd3+ $2 (11...Kxg7) 12.Bxd3
Nxd3+ 13.Ke2 Kxg7 14.Qc2 $2 (14.Qb3 Nc5 15.Qc3+) 14...Bf5 15.e4 $2 (15.Qc3+)
15...Nf4+ 16.Kf1 Rc8 17.Qd1 Qd3+ 18.Kg1 Bxe4 19.Nxe4 Qxe4 20.Qd4+ Qxd4 21.Nxd4
Rfd8 22.Nf3 Rc2 23.g3 Nd3 24.Rd1 Rd6 25.Rd2 Rxd2 26.Nxd2 Nxb2 27.Ne4 Rd1+ 28.
Kg2 Rxh1 29.Kxh1 a5 30.Kg1 b5 31.Kf1 f5 32.Nc3 b4 33.Nb5 Kf6 34.Nd4 e5 35.Nc6
Nc4 36.Ke2 e4 37.Kd1 Ke6 38.Kc2 Kd5 39.Ne7+ Kc5 40.Kb3 Nb6 41.a4 Nd5 42.Nc8 f4
43.gxf4 Nxf4 44.h4 Nd3 0-1

[Event "Provincial Individual Huesca"]
[Site "Sabiñánigo,Alcalá,Binéfar,Bin"]
[Date "2016.11.26"]
[Round "7.16"]
[White "Pardina Martin"]
[Black "Perez Puyal Jose Joaquin"]
[Result "0-1"]
[WhiteElo "1543"]
[BlackElo "1827"]

1.e4 d6 2.d4 Nf6 3.Nc3 g6 4.Bd3 Bg7 5.Nge2 Nc6 6.a3 O-O 7.f3 Nd7 8.Be3 e5 9.
Bc4 exd4 10.Nxd4 Nde5 11.Ba2 Nxd4 12.Bxd4 Qg5 13.Qe2 $2 (13.O-O) 13...Nxf3+ $1
14.gxf3 Bxd4 15.Nd5 Qh4+ 16.Kd2 c6 17.Ne3 Bxb2 18.Rab1 Qf6 19.Qd3 Be5 20.Qe2
Be6 21.Bxe6 fxe6 22.Rxb7 Qxf3 23.Qxf3 Rxf3 24.Ke2 Rf4 25.Kd3 Rf7 26.Rhb1 Bxh2
27.Ng4 Bf4 28.Rxf7 Kxf7 29.Rb7+ Kf8 30.Rxh7 Rd8 31.Rh8+ Ke7 32.Rh7+ Kf8 33.
Rh8+ Ke7 34.Rh7+ Ke8 35.Rh8+ Kd7 36.Rh7+ Kc8 37.Rxa7 Kb8 38.Rg7 g5 39.Re7 e5
40.Nf6 d5 41.Nd7+ Kc7 42.Nxe5+ Kd6 43.Ng6 Rg8 44.e5+ Bxe5 45.Nxe5 Kxe7 46.
Nxc6+ Kd6 47.Nd4 g4 48.Nf5+ Ke5 49.Nh4 g3 50.Ng2 Ra8 51.Ke2 Rxa3 52.Kf1 Ke4
53.Ke2 d4 54.Kf1 Rf3+ 0-1

[Event "Provincial Individual Huesca"]
[Site "Sabiñánigo,Alcalá,Binéfar,Bin"]
[Date "2016.11.26"]
[Round "7.17"]
[White "Mauri Senen"]
[Black "Barbe Saturnino"]
[Result "0-1"]
[WhiteElo "1499"]
[BlackElo "1638"]

1.b4 c6 2.Bb2 a5 3.bxa5 d5 4.e3 Bf5 5.c4 e6 6.Nf3 Nf6 7.Bc3 Nbd7 8.Be2 dxc4 9.
O-O Bd3 10.a4 Nd5 (10...Ne4) 11.Bb2 Rxa5 12.Na3 b5 (12...N5b6) 13.Nd4 (13.Bxd3
cxd3 14.axb5 cxb5 15.Nd4) 13...Qa8 14.axb5 $2 Bxa3 15.Bxd3 Bxb2 16.Rxa5 Qxa5
17.Bxc4 Bxd4 18.bxc6 N7b6 19.exd4 Nxc4 20.Qb3 Ncb6 21.f4 O-O 22.f5 Qxd2 23.Qf3
Qe3+ 24.Qxe3 Nxe3 25.Rb1 Ned5 26.Kf2 exf5 27.Ke2 Nc3+ 0-1

[Event "Provincial Individual Huesca"]
[Site "Sabiñánigo,Alcalá,Binéfar,Bin"]
[Date "2016.11.26"]
[Round "7.19"]
[White "Buil Jose Antonio"]
[Black "Cabos Esteban"]
[Result "1-0"]
[WhiteElo "1814"]
[BlackElo "1497"]

1.e4 c5 2.Nf3 Nc6 3.d4 e6 4.c4 cxd4 5.Nxd4 Bb4+ 6.Bd2 Bc5 7.Nb3 Bd4 8.Nxd4
Nxd4 9.e5 b6 10.Qa4 h6 11.Nc3 Nf5 12.Bd3 Nge7 13.Ne4 Bb7 14.g4 Bxe4 15.Bxe4
Nd4 16.Bxa8 (16.Bc3) 16...Qxa8 17.O-O-O O-O (17...b5 $1 18.cxb5 Qe4) 18.Be3
Ne2+ 19.Kd2 (19.Kb1) 19...Qf3 20.Qxd7 Ng6 21.Qd3 Nef4 22.Bxf4 Qxf4+ 23.Qe3
Qxc4 24.b3 Qb4+ 25.Kc2 a5 (25...Qxg4) 26.f3 a4 27.Rhe1 axb3+ 28.axb3 Ra8 29.
Ra1 Rc8+ 30.Kb2 Ne7 31.Ra4 Qb5 32.Qe4 Nd5 33.Rc4 Rxc4 34.Qxc4 Qa5 35.Rd1 Qa8
36.Rc1 Qa5 37.Qe4 g6 38.h4 Kg7 39.Rc4 Qd2+ 40.Rc2 Qa5 41.f4 b5 42.f5 b4 43.
fxe6 Nc3 (43...Qa3+) 44.Rxc3 $1 bxc3+ 45.Kc2 fxe6 46.h5 $1 gxh5 47.gxh5 Qa2+
48.Kxc3 Qa5+ 49.b4 Qa3+ 50.Kc4 Qc1+ 51.Kb5 Qf1+ 52.Kb6 Qf2+ 53.Kc6 Qf5 54.Qxf5
exf5 55.Kd5 Kf7 56.b5 Ke7 57.b6 Kd7 58.e6+ Kd8 59.Ke5 1-0